Statistics for Countries that Visit Thailand the Most

Click here to take the quiz!

General Stats

  • This quiz has been taken 403 times
  • The average score is 10 of 12

Answer Stats

VisitorsCountry% Correct
9,805,753China
99%
1,056,124United States
97%
994,468United Kingdom
93%
1,411,942India
91%
1,544,328Japan
91%
934,497Vietnam
90%
3,354,800Malaysia
87%
1,709,070South Korea
82%
854,431Cambodia
81%
1,612,647Laos
81%
1,028,077Singapore
80%
1,346,219Russia
74%

Score Distribution

Percentile by Number Answered

Percent of People with Each Score

Your Score History

You have not taken this quiz